000 00518nam a2200193Ia 4500
001 59385
003 OSt
005 20160315115209.0
008 140520s9999 xx 000 0 und d
020 _aNA
040 _cPK-LaUMT
082 _a 613
_bASL-J
100 _aAslam, Syed
245 _a(جسم و جان)Jism-o-jaan (Urdu)
_c(اسلم ، سید)Aslam, Syed
260 _a(لاہور، پاکستان)Lahore,Pakistan:
_b(منشورات)Manshoorat,
_cNA
300 _a400 p.
546 _aUR
942 _cBK
_2ddc
999 _c56713
_d56713